MARC

LEADER 00000nam0a2200000 4500
001 261912
005 20231101233615.0
035 |a (RuTPU)RU\TPU\book\284894 
090 |a 261912 
100 |a 20140528d1964 k y0rusy50 ca 
101 1 |a rus  |c eng 
102 |a RU 
105 |a a z 001zy 
200 1 |a Принципы квантовой электродинамики  |e пер. с англ.  |f В. Е. Тирринг 
210 |a Москва  |c Высшая школа  |d 1964 
215 |a 227 с.  |c ил. 
320 |a Предм. указ.: с. 224-226. 
606 1 |a Квантовая электродинамика  |2 stltpush  |3 (RuTPU)RU\TPU\subj\14225  |9 40680 
610 1 |a атомы 
610 1 |a структура 
610 1 |a фотоны 
610 1 |a теория поля 
610 1 |a свободные поля 
610 1 |a матричные элементы 
675 |a 537.8:530.145  |v 3 
700 1 |a Тирринг  |b В. Е.  |g Вальтер Е. 
801 1 |a RU  |b 63413507  |c 20140528 
801 2 |a RU  |b 63413507  |c 20140530  |g RCR 
942 |c BK